Thermodynamics : an engineering approach / (Record no. 527965)
[ view plain ]
| 000 -LEADER | |
|---|---|
| fixed length control field | 00593nam a22002177a 4500 |
| 003 - CONTROL NUMBER IDENTIFIER | |
| control field | NUST |
| 005 - DATE AND TIME OF LATEST TRANSACTION | |
| control field | 20190823070629.0 |
| 008 - FIXED-LENGTH DATA ELEMENTS--GENERAL INFORMATION | |
| fixed length control field | 190129b ||||| |||| 00| 0 eng d |
| 020 ## - INTERNATIONAL STANDARD BOOK NUMBER | |
| International Standard Book Number | 9780073529325 |
| 040 ## - CATALOGING SOURCE | |
| Transcribing agency | DLC |
| 082 ## - DEWEY DECIMAL CLASSIFICATION NUMBER | |
| Classification number | 621.4021 |
| Author Mark | CEN |
| 100 ## - MAIN ENTRY--PERSONAL NAME | |
| Personal name | Çengel, Yunus A. |
| 9 (RLIN) | 2462 |
| 245 ## - TITLE STATEMENT | |
| Title | Thermodynamics : an engineering approach / |
| 250 ## - EDITION STATEMENT | |
| Edition statement | 7th |
| 260 ## - PUBLICATION, DISTRIBUTION, ETC. | |
| Place of publication, distribution, etc. | New York |
| Name of publisher, distributor, etc. | McGraw-Hill |
| Date of publication, distribution, etc. | 2011 |
| 300 ## - PHYSICAL DESCRIPTION | |
| Extent | xxiv, 978 p. |
| 500 ## - GENERAL NOTE | |
| General note | Includes bibliographical references and index. |
| 650 ## - SUBJECT ADDED ENTRY--TOPICAL TERM | |
| Topical term or geographic name entry element | Thermodynamics. |
| 9 (RLIN) | 7134 |
| 700 ## - ADDED ENTRY--PERSONAL NAME | |
| Personal name | Michael A. Boles |
| 9 (RLIN) | 13580 |
| 942 ## - ADDED ENTRY ELEMENTS (KOHA) | |
| Koha item type | Book |
| Source of classification or shelving scheme | |
| Withdrawn status | Lost status | Source of classification or shelving scheme | Damaged status | Not for loan | Permanent Location | Current Location | Date acquired | Total Checkouts | Full call number | Barcode | Date last seen | Price effective from | Koha item type |
|---|---|---|---|---|---|---|---|---|---|---|---|---|---|
| School of Civil and Environmental Engineering (SCEE) | School of Civil and Environmental Engineering (SCEE) | 08/23/2019 | 621.4021 CEN | NIT-10149 | 08/23/2019 | 08/23/2019 | Book | ||||||
| School of Civil and Environmental Engineering (SCEE) | School of Civil and Environmental Engineering (SCEE) | 08/23/2019 | 621.4021 CEN | NIT-10150 | 08/23/2019 | 08/23/2019 | Book | ||||||
| School of Civil and Environmental Engineering (SCEE) | School of Civil and Environmental Engineering (SCEE) | 08/23/2019 | 621.4021 CEN | NIT-10151 | 08/23/2019 | 08/23/2019 | Book | ||||||
| School of Civil and Environmental Engineering (SCEE) | School of Civil and Environmental Engineering (SCEE) | 08/23/2019 | 621.4021 CEN | NIT-10152 | 08/23/2019 | 08/23/2019 | Book | ||||||
| School of Civil and Environmental Engineering (SCEE) | School of Civil and Environmental Engineering (SCEE) | 08/23/2019 | 621.4021 CEN | NIT10153 | 08/23/2019 | 08/23/2019 | Book | ||||||
| School of Civil and Environmental Engineering (SCEE) | School of Civil and Environmental Engineering (SCEE) | 08/23/2019 | 621.4021 CEN | NIT-10154 | 08/23/2019 | 08/23/2019 | Book |
